000 00582nam a22001697a 4500
999 _c185649
_d185649
005 20220207152132.0
010 _aENG-131440
020 _a9789391490478
_c1080.00
035 _aEN-114972
037 _bDBAD
082 _a327.54
245 _aAsean-India:
_bStrengthening Partnership and Post-Pandemic Future/
_cEdited by Prabir De, Suthipahand Chirathivat
260 _aNew Delhi
_bKW Publishers Pvt. Ltd
_c2022
270 _a4676/21, First Floor, Ansari Road, Daryaganj
_bNew Delhi
_e110002
300 _axix, 237p.
_c24cm(hbk)
942 _2ddc
_cEN
_h327.54
_mASE